|
|
|
|
| LEADER |
00972cas a2200289 a 4500 |
| 001 |
AAL7077 |
| 003 |
BD-DhAAL |
| 005 |
20160428151238.0 |
| 008 |
750726c19299999ncuqx1p 0 a0eng d |
| 010 |
|
|
|a 30020216
|
| 020 |
|
|
|a 002635091-2
|
| 035 |
|
|
|a 60297
|
| 040 |
|
|
|a LC
|b eng
|c LC
|d ANL
|d BD-DhAAL
|
| 082 |
0 |
4 |
|a 810.5
|
| 222 |
|
0 |
|a American literature
|
| 245 |
0 |
0 |
|a American literature /
|
| 260 |
|
|
|a [Durham, N.C.]
|b Duke University Press.
|
| 300 |
|
|
|a 967 p. ;
|c 24 cm
|
| 500 |
|
|
|a Includes index
|
| 541 |
|
|
|e 7077
|
| 650 |
|
0 |
|a American literature
|x History and criticism
|x Periodicals.
|9 19344
|
| 650 |
|
0 |
|a American literature
|x Bibliography
|x Periodicals.
|9 19345
|
| 650 |
|
0 |
|a Books
|x Reviews.
|9 19346
|
| 852 |
|
|
|a Savar Campus Library
|c General Shelf
|
| 942 |
|
|
|2 ddc
|c BK
|
| 999 |
|
|
|c 37503
|d 37503
|
| 952 |
|
|
|0 0
|1 0
|2 ddc
|4 0
|6 810_500000000000000_AME
|7 0
|9 58901
|a SCL
|b SCL
|c GEN
|d 2016-04-28
|e Gift: The Asia Foundation
|l 0
|o 810.5 AME
|p 3020007077
|r 2016-04-28
|t 1
|w 2016-04-28
|y BK
|